U.S. Presidents by Their Birth States - Statistics

General Stats
  • This quiz has been taken 42 times
  • The average score is 44 of 46
Answer Stats
Hint Answer % Correct
Martin Van Buren New York
100%
Millard Filmore New York
100%
Theodore Roosevelt New York
100%
Franklin D. Roosevelt New York
100%
Donald J. Trump New York
100%
James K. Polk North Carolina
100%
Andrew Johnson North Carolina
100%
Rutherford B. Hayes Ohio
100%
James Garfield Ohio
100%
Benjamin Harrison Ohio
100%
Wiliam McKinley Ohio
100%
William Howard Taft Ohio
100%
Warren G. Harding Ohio
100%
James Buchanan Pennsylvania
100%
Joseph Biden Pennsylvania
100%
George Washington Virginia
100%
Thomas Jefferson Virginia
100%
James Madison Virginia
100%
James Monroe Virginia
100%
William Henry Harrison Virginia
100%
John Tyler Virginia
100%
Zachary Taylor Virginia
100%
Ulysses S. Grant Virginia
100%
Woodrow Wilson Virginia
100%
Ronald Reagan Illinois
97%
John Adams Massachusetts
97%
John Quincy Adams Massachusetts
97%
John F. Kennedy Massachusetts
97%
George H. W. Bush Massachusetts
97%
Andrew Jackson South Carolina
97%
Dwight D. Eisenhower Texas
97%
Lyndon B. Johnson Texas
97%
Richard M. Nixon California
94%
Abraham Lincoln Kentucky
94%
Chester A. Arthur Vermont
94%
Calvin Coolidge Vermont
94%
William Clinton Arkansas
91%
James Carter Georgia
91%
Franklin Pierce New Hampshire
91%
Barack Obama Hawaii
88%
Harry S Truman Missouri
85%
Herbert Hoover Iowa
82%
Gerald R. Ford Nebraska
82%
George W. Bush Connecticut
79%
Grover Cleveland New Jersey
76%
Grover Cleveland New Jersey
76%
No matching quizzes found
Score Distribution
Percent of People with Each Score
Percentile by Number Answered
Your Score History
You have not taken this quiz